Cours de statistique / (Record no. 21771)

MARC details
000 -LEADER
campo de control de longitud fija 00594nam a2200205 i 4500
001 - NÚMERO DE CONTROL
campo de control 21771
003 - IDENTIFICADOR DE NÚMERO DE CONTROL
campo de control ES-MaACL
005 - FECHA Y HORA DE LA ÚLTIMA TRANSACCIÓN
campo de control 20230906152536.0
007 - CAMPO FIJO DE DESCRIPCIÓN FÍSICA--INFORMACIÓN GENERAL
campo de control de longitud fija t|
008 - DATOS DE LONGITUD FIJA--INFORMACIÓN GENERAL
campo de control de longitud fija 021127s1930 fr ||||1| fre d
100 1# - ENTRADA PRINCIPAL--NOMBRE DE PERSONA
Nombre de persona Aftalion, Albert.
9 (RLIN) 18520
245 10 - MENCIÓN DEL TÍTULO
Título Cours de statistique /
Mención de responsabilidad, etc. Albert Aftalion ; recuieilli et rédigé par Jean Lhomme, Jean Priou.
250 ## - MENCION DE EDICION
Mención de edición 3e éd.
260 ## - PUBLICACIÓN, DISTRIBUCIÓN, ETC.
Lugar de publicación, distribución, etc. París :
Nombre del editor, distribuidor, etc. [s.n.,
Fecha de publicación, distribución, etc. 1930?]
300 ## - DESCRIPCIÓN FÍSICA
Extensión X,[2], 247 p. ;
Dimensiones 25 cm.
650 04 - PUNTO DE ACCESO ADICIONAL DE MATERIA--TÉRMINO DE MATERIA
Término de materia o nombre geográfico como elemento de entrada Estadística.
9 (RLIN) 12520
700 1# - ENTRADA AGREGADA--NOMBRE PERSONAL
Nombre de persona Lhomme, Jean.
9 (RLIN) 72136
700 1# - ENTRADA AGREGADA--NOMBRE PERSONAL
Nombre de persona Priou, Jean.
9 (RLIN) 93992
852 ## - LOCALIZACIÓN
Ubicación ES-MaACL
Número de control de estantería A-2631
Holdings
Estatus retirado Estado de pérdida Estado de daño No para préstamo Biblioteca de origen Biblioteca actual Ubicación en estantería Fecha de adquisición Fuente de adquisición Total de préstamos Signatura topográfica completa Código de barras Visto por última vez Precio de reemplazo Tipo de ítem Koha
        Biblioteca del Ateneo de Madrid Biblioteca del Ateneo de Madrid Sala Pecera Planta 1 17/01/2008     A-2631 1022377 23/02/2023 23/02/2023 Libro impreso